Statistiques concernant Capitales qui commencent par N

Cliquez ici pour prendre le quiz!

Statistiques générales

  • Ce quiz a été pris 190 fois
  • Le résultat moyen est 5 sur 10

Statistiques - réponses

Capitales% Correct
Nairobi
78%
Niamey
74%
Nouakchott
67%
N'Djaména
55%
Nicosie
55%
New Delhi
53%
Nassau
51%
Naypyidaw
47%
Nuku'alofa
38%
Ngerulmud
23%

Distribution des résultats

Percentile par nombre de réponses

% des personnes avec chaque résultat

Votre développement - résultats

Vous n’avez pas pris ce quiz